Republic of Croatia : Selected Issues and Statistical Appendix.

This Selected Issues and Statistical Appendix paper analyzes monetary transmission in Croatia. The evidence analyzed in this paper supports the view that monetary policy in Croatia is not an effective tool for aggregate demand management. One of the main conclusions is that financial conditions in t...

Full description

Bibliographic Details
Corporate Author: International Monetary Fund
Format: Journal
Language:English
Published: Washington, D.C. : International Monetary Fund, 2004.
Series:IMF Staff Country Reports; Country Report ; No. 2004/251
Online Access:Full text available on IMF
LEADER 01659cas a2200241 a 4500
001 AALejournalIMF003167
008 230101c9999 xx r poo 0 0eng d
020 |c 5.00 USD 
020 |z 9781451817294 
022 |a 1934-7685 
040 |a BD-DhAAL  |c BD-DhAAL 
110 2 |a International Monetary Fund. 
245 1 0 |a Republic of Croatia :   |b Selected Issues and Statistical Appendix. 
264 1 |a Washington, D.C. :  |b International Monetary Fund,  |c 2004. 
300 |a 1 online resource (53 pages) 
490 1 |a IMF Staff Country Reports 
500 |a <strong>Off-Campus Access:</strong> No User ID or Password Required 
500 |a <strong>On-Campus Access:</strong> No User ID or Password Required 
506 |a Electronic access restricted to authorized BRAC University faculty, staff and students 
520 3 |a This Selected Issues and Statistical Appendix paper analyzes monetary transmission in Croatia. The evidence analyzed in this paper supports the view that monetary policy in Croatia is not an effective tool for aggregate demand management. One of the main conclusions is that financial conditions in the economy are only weakly correlated with the monetary policy stance. Monetary policy can exercise some control over money-market interest rates, but its influence on lending rates is uncertain and comes with long lags. The paper also examines determinants of lending rates and domestic spreads in Croatia. 
538 |a Mode of access: Internet 
830 0 |a IMF Staff Country Reports; Country Report ;  |v No. 2004/251 
856 4 0 |z Full text available on IMF  |u http://elibrary.imf.org/view/journals/002/2004/251/002.2004.issue-251-en.xml  |z IMF e-Library